[Event "Moscow Open F Women"]
[Site "Moscow RUS"]
[Date "2011.02.06"]
[Round "9.7"]
[White "Shulakova, Svetlana"]
[Black "Daulyte, Deimante"]
[Result "0-1"]
[WhiteTitle "WFM"]
[BlackTitle "WGM"]
[WhiteElo "2180"]
[BlackElo "2293"]
[WhiteFideId "4142691"]
[BlackFideId "12802859"]
[EventDate "2011.01.29"]

1. d4 Nf6 2. c4 g6 3. Nc3 Bg7 4. e4 d6 5. Be2 O-O 6. Bg5 Na6 7. h4 e5 8. d5 h6
9. Be3 Nc5 10. Bf3 a5 11. g4 Nfd7 12. Qd2 Kh7 13. g5 h5 14. O-O-O Nb6 15. Qe2
Bd7 16. Bxh5 gxh5 17. Qxh5+ Kg8 18. Nge2 Nxc4 19. Rhg1 Nxe3 20. fxe3 Na4 21. g6
fxg6 22. Rxg6 Rf7 23. Nxa4 Bxa4 24. Rdg1 Be8 25. Qg4 Qd7 26. Qg2 Kf8 27. Ng3 Rf6
28. Rxf6+ Bxf6 29. Rf1 Ke7 30. Qf2 Bg7 31. Nf5+ Kd8 32. Rg1 Bf6 33. Nh6 Be7 34.
Rg7 Qh3 35. Nf5 Bf6 36. Rg1 Kd7 37. Nxd6 cxd6 38. Rg3 Qxh4 39. Qf5+ Kd8 0-1

[Event "Moscow Open F Women"]
[Site "Moscow RUS"]
[Date "2011.02.06"]
[Round "9.9"]
[White "Drozdova, Dina"]
[Black "Korchagina, Viktoria"]
[Result "1-0"]
[BlackTitle "WFM"]
[WhiteElo "2203"]
[BlackElo "2086"]
[WhiteFideId "4170695"]
[BlackFideId "4197224"]
[EventDate "2011.01.29"]

1. e4 c5 2. Nf3 d6 3. d4 cxd4 4. Qxd4 Nc6 5. Bb5 Bd7 6. Bxc6 Bxc6 7. Nc3 Nf6 8.
Bg5 e6 9. O-O-O Be7 10. Qd3 O-O 11. Nd4 Qc7 12. f4 Rfd8 13. Kb1 Rac8 14. h4 a6
15. f5 e5 16. Nxc6 bxc6 17. Bxf6 Bxf6 18. g4 Be7 19. g5 Bf8 20. h5 a5 21. f6 g6
22. Rdf1 Rd7 23. Qh3 Rb8 24. Rf3 Rb7 25. b3 a4 26. Nxa4 d5 27. Rhf1 dxe4 28.
hxg6 fxg6 29. f7+ Kh8 30. Rf6 Qd8 31. Qg4 e3 32. Nc5 Ra7 33. Nxd7 Rxd7 34. Rxg6
Bg7 35. Rxg7 1-0

[Event "Moscow Open F Women"]
[Site "Moscow RUS"]
[Date "2011.02.06"]
[Round "9.10"]
[White "Semenova, Elena"]
[Black "Savina, Anastasia"]
[Result "0-1"]
[WhiteTitle "WFM"]
[BlackTitle "WGM"]
[WhiteElo "2139"]
[BlackElo "2397"]
[WhiteFideId "24125148"]
[BlackFideId "4196872"]
[EventDate "2011.01.29"]

1. e4 c5 2. Nf3 Nc6 3. Bb5 Nf6 4. Nc3 g6 5. O-O Bg7 6. Bxc6 bxc6 7. d3 O-O 8. h3
d6 9. e5 Nd5 10. Ne4 dxe5 11. Nxc5 f5 12. Re1 Qd6 13. Nb3 a5 14. a4 e4 15. dxe4
Nb4 16. Bd2 fxe4 17. Ng5 Qf6 18. Nxe4 Qxb2 19. c3 Nc2 20. Rb1 Qa2 21. Rf1 Ba6
22. Nec5 Bxf1 23. Qxf1 Rf5 24. Qc1 Rb8 25. Rb2 Qa3 26. Rxc2 Rxb3 27. Nxb3 Qxb3
28. Rb2 Qxa4 29. Rb8+ Rf8 30. Rb7 Qe4 31. Qa3 c5 32. Qb3+ c4 33. Qb5 Qe2 34.
Qd5+ e6 35. Qd7 Qxf2+ 0-1

[Event "Moscow Open F Women"]
[Site "Moscow RUS"]
[Date "2011.02.06"]
[Round "9.13"]
[White "Khropova, Larisa"]
[Black "Nakhbayeva, Guliskhan"]
[Result "0-1"]
[WhiteTitle "WFM"]
[BlackTitle "WIM"]
[WhiteElo "2087"]
[BlackElo "2209"]
[WhiteFideId "4120841"]
[BlackFideId "13704788"]
[EventDate "2011.01.29"]

1. d4 Nf6 2. c4 e6 3. g3 d5 4. Bg2 Bb4+ 5. Bd2 Be7 6. Nf3 O-O 7. Nc3 c6 8. cxd5
cxd5 9. O-O Nc6 10. Rc1 Bd7 11. Qc2 Rc8 12. Qb1 a6 13. Rfe1 b5 14. a3 Qb6 15.
Qd3 Na5 16. Bg5 Nc4 17. Rb1 Qa5 18. Na2 h6 19. Bd2 Qb6 20. Bb4 Bxb4 21. axb4 a5
22. b3 Nd6 23. Ra1 a4 24. Ne5 axb3 25. Nc3 Be8 26. Rab1 Nc4 27. e3 b2 28. Nd1
Ne4 29. Nxb2 Ncd6 30. Rbc1 Rxc1 31. Rxc1 f6 32. Nf3 Bg6 33. Qe2 Ra8 34. Nd3 Ra4
35. h4 Nc4 36. Bh3 Qa6 37. Nf4 Bf7 38. Nd3 Ra3 39. Nc5 Nxc5 40. bxc5 b4 41. Rb1
b3 42. Bf1 Bg6 43. Qd1 Bxb1 44. Qxb1 Ra1 45. Qxb3 Rxf1+ 46. Kg2 Ra1 47. Qb8+ Kh7
48. Qe8 Nxe3+ 0-1

[Event "Moscow Open F Women"]
[Site "Moscow RUS"]
[Date "2011.02.06"]
[Round "9.14"]
[White "Kostitsina, Liubov"]
[Black "Berdychevaskaya, Natasha"]
[Result "0-1"]
[BlackTitle "WFM"]
[WhiteElo "1930"]
[BlackElo "2193"]
[WhiteFideId "24117110"]
[BlackFideId "4159322"]
[EventDate "2011.01.29"]

1. e4 Nc6 2. Nf3 d6 3. d4 Nf6 4. d5 Nb8 5. Bd3 g6 6. c4 Bg7 7. Nc3 O-O 8. Qc2 e5
9. O-O Bg4 10. Nd2 Nh5 11. f3 Bd7 12. b4 a5 13. bxa5 Rxa5 14. Nb3 Ra8 15. a4 Na6
16. Ba3 Bh6 17. Rfe1 b6 18. a5 Nc5 19. axb6 cxb6 20. Bf1 f5 21. Bxc5 Rxa1 22.
Rxa1 bxc5 23. Bd3 Be3+ 24. Kf1 Qh4 25. Nd1 Bf4 26. g3 Bxg3 27. hxg3 Nxg3+ 28.
Kg2 fxe4 29. fxe4 Qh3+ 0-1

[Event "Moscow Open F Women"]
[Site "Moscow RUS"]
[Date "2011.02.06"]
[Round "9.15"]
[White "Ainutdinova, Yekaterina"]
[Black "Bezgodova, Maria"]
[Result "1-0"]
[BlackTitle "WFM"]
[WhiteElo "2073"]
[BlackElo "2190"]
[WhiteFideId "13705563"]
[BlackFideId "24111260"]
[EventDate "2011.01.29"]

1. e4 e5 2. Nf3 Nc6 3. Bb5 a6 4. Ba4 Nf6 5. d4 exd4 6. O-O Bc5 7. e5 Nd5 8. c3
Nb6 9. cxd4 Nxa4 10. Qxa4 Be7 11. d5 Nb8 12. Qg4 g6 13. d6 cxd6 14. exd6 Bf6 15.
Re1+ Kf8 16. Bh6+ Bg7 17. Qf4 Nc6 18. Nc3 f6 19. Nd5 Bxh6 20. Qxh6+ Kf7 21. Re3
Qf8 22. Ng5+ Kg8 23. Nxf6+ 1-0

[Event "Moscow Open F Women"]
[Site "Moscow RUS"]
[Date "2011.02.06"]
[Round "9.16"]
[White "Baraeva, Marina"]
[Black "Zizlova, Sofia"]
[Result "1-0"]
[WhiteTitle "WFM"]
[WhiteElo "2152"]
[BlackElo "2085"]
[WhiteFideId "24142573"]
[BlackFideId "4123476"]
[EventDate "2011.01.29"]

1. d4 Nf6 2. Nf3 c5 3. c4 cxd4 4. Nxd4 e5 5. Nb5 d5 6. cxd5 Bc5 7. N5c3 O-O 8.
g3 Qb6 9. e3 Bg4 10. Be2 Bh3 11. Rg1 e4 12. g4 Bd6 13. g5 Bxh2 14. Rh1 Qd6 15.
gxf6 Bg2 16. fxg7 Rd8 17. Rf1 Nd7 18. Nd2 Nc5 19. Nb3 Rac8 20. Nxc5 Rxc5 21. Bd2
Qg6 22. Qa4 a5 23. O-O-O Bxf1 24. Bxf1 Rdxd5 25. Kb1 Re5 26. Ne2 Rc8 27. Bc3
Ree8 28. Bh3 Rcd8 29. Bd7 Re7 30. Qxa5 b6 31. Qa4 Bd6 32. Bb5 Rc8 33. Qa6 Rb8
34. Rg1 Qf5 35. Rf1 Be5 36. Nd4 Bxd4 37. Bxd4 Qd5 38. Rc1 h6 39. Rc8+ Rxc8 40.
Qxc8+ 1-0

[Event "Moscow Open F Women"]
[Site "Moscow RUS"]
[Date "2011.02.06"]
[Round "9.17"]
[White "Schepetkova, Margarita"]
[Black "Tereshechkina, Maya"]
[Result "1/2-1/2"]
[WhiteElo "2148"]
[BlackElo "2026"]
[WhiteFideId "4189949"]
[BlackFideId "4194578"]
[EventDate "2011.01.29"]

1. e4 c5 2. Nf3 e6 3. d4 cxd4 4. Nxd4 Nf6 5. Nc3 d6 6. Be3 Be7 7. Bc4 O-O 8. Qe2
a6 9. g4 d5 10. exd5 exd5 11. g5 dxc4 12. gxf6 Bxf6 13. O-O-O Qa5 14. Qxc4 Nc6
15. Ne4 Bxd4 16. Bxd4 Nxd4 17. Qxd4 Bf5 18. Rhg1 Bg6 19. a3 Rfd8 1/2-1/2

[Event "Moscow Open F Women"]
[Site "Moscow RUS"]
[Date "2011.02.06"]
[Round "9.18"]
[White "Nebolsina, Vera"]
[Black "Avdeyeva, Viktoriya"]
[Result "1-0"]
[WhiteTitle "WGM"]
[WhiteElo "2388"]
[BlackElo "2020"]
[WhiteFideId "4163591"]
[BlackFideId "13403389"]
[EventDate "2011.01.29"]

1. d4 d5 2. c4 e5 3. dxe5 d4 4. Nf3 Nc6 5. g3 Bg4 6. Bg2 Qd7 7. O-O O-O-O 8. Qb3
Na5 9. Qb5 Qxb5 10. cxb5 Nc4 11. Nbd2 Nb6 12. Nb3 d3 13. exd3 Rxd3 14. Ng5 Nh6
15. Be4 Rd8 16. f3 Bd7 17. a4 Re8 18. Bf4 Nc4 19. Rfe1 Bb4 20. Re2 f6 21. e6
fxg5 22. exd7+ Kxd7 23. Bxg5 Nd6 24. Bd2 Nxe4 25. Bxb4 Nd6 26. Rc2 Nhf5 27. Rac1
Rc8 28. g4 Ne3 29. Re2 Nd5 30. Nc5+ Kd8 31. Be1 h6 32. Rd1 Nf4 33. Nxb7+ Kd7 34.
Nc5+ Kd8 35. Re4 Nh3+ 36. Kg2 Ng5 37. Re2 Re8 38. Rxd6+ cxd6 39. Ba5+ Rc7 40.
Bxc7+ 1-0

[Event "Moscow Open F Women"]
[Site "Moscow RUS"]
[Date "2011.02.06"]
[Round "9.19"]
[White "Shaydullina, Sandugach"]
[Black "Markelova, Lubov"]
[Result "0-1"]
[WhiteTitle "WGM"]
[WhiteElo "2207"]
[BlackElo "2076"]
[WhiteFideId "4140389"]
[BlackFideId "24131369"]
[EventDate "2011.01.29"]

1. d4 d5 2. c4 c6 3. Nf3 Nf6 4. Nc3 dxc4 5. a4 Na6 6. e4 Bg4 7. Bxc4 e6 8. Be3
Nb4 9. O-O Be7 10. Qe2 O-O 11. h3 Bh5 12. g4 Bg6 13. Ne5 c5 14. Nxg6 hxg6 15.
dxc5 Qa5 16. Rad1 Rfd8 17. e5 Nd7 18. Ne4 Nxe5 19. Bb3 Rd3 20. Rxd3 Nexd3 21.
Bd2 Nxc5 22. Nxc5 Qxc5 23. Rc1 Qd6 24. Bxb4 Qxb4 25. Bxe6 fxe6 26. Qxe6+ Kh7 27.
Rc7 Bf8 28. g5 Rd8 29. Rc4 Rd6 30. Qf7 Rd7 31. Qe6 Re7 32. Qc8 Qe1+ 33. Kg2 Rf7
34. Rh4+ Kg8 35. Qc2 Qe6 36. Re4 Qc6 37. Qxc6 bxc6 38. Re6 Rc7 39. Re8 Kf7 40.
Rb8 a5 41. Kf3 Bb4 42. h4 Rd7 43. Rb6 c5 44. Ke3 Rd4 45. Rb7+ Kg8 46. h5 gxh5
47. g6 Rd8 48. Kf4 c4 49. Kg5 Rd5+ 50. Kf4 Bd6+ 51. Ke4 Rg5 52. Ra7 h4 53. Ra8+
Bf8 54. f4 h3 55. fxg5 h2 56. Rxa5 h1=Q+ 0-1

[Event "Moscow Open F Women"]
[Site "Moscow RUS"]
[Date "2011.02.06"]
[Round "9.22"]
[White "Rodionova, Daria"]
[Black "Sazonova, Elena N."]
[Result "1/2-1/2"]
[BlackTitle "WIM"]
[WhiteElo "1856"]
[BlackElo "2162"]
[WhiteFideId "24136638"]
[BlackFideId "4109767"]
[EventDate "2011.01.29"]

1. e4 c5 2. Nf3 Nc6 3. d4 cxd4 4. Nxd4 e5 5. Nb5 a6 6. Nd6+ Bxd6 7. Qxd6 Qf6 8.
Qc7 Nge7 9. Nc3 Nb4 10. Bd3 d5 11. exd5 Nexd5 12. Nxd5 Nxd5 13. Qc5 Be6 14. O-O
Rc8 15. Qa3 Qe7 16. Qa4+ Qd7 17. Qe4 f6 18. Re1 Kf7 19. Bd2 Ne7 20. Qe2 Nf5 21.
Bc3 Nd4 22. Qe3 Nf5 23. Qd2 Nh4 24. Rad1 Rhd8 25. Qe2 Qa4 26. Qh5+ Ng6 27. Qf3
Rd7 28. Be4 Rcd8 29. Rxd7+ Rxd7 30. Bxb7 Qxc2 31. Be4 Qa4 32. Bc6 Qxa2 33. Bxd7
Bxd7 34. Rd1 Qe6 35. Qb7 Ke8 36. Qb8+ Kf7 37. Qc7 Nf8 38. Bb4 Qg4 39. Qd6 Kg6
40. h3 Qh5 41. Rd3 1/2-1/2

[Event "Moscow Open F Women"]
[Site "Moscow RUS"]
[Date "2011.02.06"]
[Round "9.23"]
[White "Kineva, Ekaterina"]
[Black "Severina, Maria"]
[Result "1-0"]
[WhiteTitle "WFM"]
[WhiteElo "2120"]
[BlackElo "2032"]
[WhiteFideId "4152662"]
[BlackFideId "4116909"]
[EventDate "2011.01.29"]

1. e4 e5 2. Nf3 Nc6 3. Bc4 Nf6 4. d3 h6 5. Nc3 d6 6. a4 g6 7. h3 Bg7 8. Be3 O-O
9. Qd2 Kh7 10. g4 Ng8 11. O-O-O Nd4 12. Bxd4 exd4 13. Ne2 c5 14. g5 Be6 15. h4
h5 16. Nf4 Bg4 17. Nh2 Bxd1 18. Qxd1 Be5 19. Ne2 Bxh2 20. Rxh2 f5 21. Nf4 Qe7
22. Bxg8+ Rxg8 23. exf5 Qe5 24. fxg6+ Kg7 25. Nxh5+ Kxg6 26. Ng3 Raf8 27. Kb1
Rh8 28. Qg4 Kg7 29. h5 Rhg8 30. h6+ Kh7 31. Rh5 Qe1+ 32. Ka2 Qxf2 33. Qe4+ Rg6
34. Rh1 Qf4 35. Qxb7+ Rf7 36. Qb3 c4 37. Qxc4 Rd7 38. Ne4 d5 39. Qb5 Re7 40.
Qxd5 Qe3 41. Nf6+ 1-0

[Event "Moscow Open F Women"]
[Site "Moscow RUS"]
[Date "2011.02.06"]
[Round "9.25"]
[White "Gorozhankina, Julia"]
[Black "Styazhkina, Anna"]
[Result "1-0"]
[WhiteTitle "WFM"]
[BlackTitle "WFM"]
[WhiteElo "2088"]
[BlackElo "1999"]
[WhiteFideId "4199650"]
[BlackFideId "24119300"]
[EventDate "2011.01.29"]

1. d4 d5 2. Nf3 c6 3. c4 Nf6 4. e3 Bf5 5. Nc3 e6 6. Be2 Be7 7. O-O h6 8. Qb3 Qb6
9. c5 Qc7 10. Bd2 O-O 11. Qa4 Nbd7 12. b4 Ne4 13. Nxe4 dxe4 14. Ne1 e5 15. Nc2
Bf6 16. Bc3 Rfd8 17. Rfd1 Nf8 18. dxe5 Bxe5 19. Bxe5 Qxe5 20. Nd4 Ne6 21. Nxf5
Qxf5 22. Qc2 Qe5 23. Rac1 Nc7 24. Bc4 Ne8 25. Rd2 Nf6 26. h3 a5 27. bxa5 Qc7 28.
Rxd8+ Rxd8 29. a6 bxa6 30. Bxa6 Qa5 31. Bc4 Rd2 32. Qb1 Qd8 33. Qb6 Qd7 34. Rb1
Qf5 35. Rf1 Nd7 36. Qxc6 Ne5 37. Qe8+ Kh7 38. Bb3 Nf3+ 39. gxf3 Qg6+ 40. Kh1
exf3 41. Rg1 Qf5 42. Qb8 Qxh3+ 43. Qh2 Qf5 44. c6 g6 45. c7 Kg7 46. Rc1 Qc8 47.
Qe5+ Kg8 48. Qg3 1-0

[Event "Moscow Open F Women"]
[Site "Moscow RUS"]
[Date "2011.02.06"]
[Round "9.26"]
[White "Kostrikina, Anna"]
[Black "Vasenina, Anna"]
[Result "0-1"]
[WhiteTitle "WFM"]
[BlackTitle "WFM"]
[WhiteElo "2079"]
[BlackElo "1857"]
[WhiteFideId "4176219"]
[BlackFideId "4177207"]
[EventDate "2011.01.29"]

1. e4 e5 2. Nc3 Nf6 3. Bc4 Nc6 4. d3 Bb4 5. Ne2 d5 6. exd5 Nxd5 7. O-O Nxc3 8.
bxc3 Bc5 9. Kh1 O-O 10. f4 Qh4 11. f5 Bd6 12. Be3 Ne7 13. g3 Qh5 14. f6 gxf6 15.
Qd2 b5 16. Bxb5 Bb7+ 17. Kg1 Qh3 18. Rf2 a6 19. Ba4 Rad8 20. c4 Nf5 21. c5 Be7
22. c6 Bc8 23. c3 Qg4 24. Bd1 Qg6 25. Bc2 Qg4 26. Raf1 Nd6 27. Qc1 Be6 28. Bc5
f5 29. Bd1 Qh3 30. Bb3 Qg4 31. Qe3 Bf6 32. d4 Bxb3 33. axb3 Bg5 34. Qd3 e4 35.
Qd1 Be3 36. Kg2 Bxf2 37. Rxf2 Rfe8 38. Qf1 Re6 39. h3 Qg5 40. Nf4 Rh6 41. Bxd6
Rdxd6 42. d5 Rhg6 43. Qxa6 Qxg3+ 44. Kf1 Rd8 45. Nxg6 hxg6 46. Qc4 Qxh3+ 47. Ke2
Qg4+ 48. Ke1 Qg3 49. Ke2 Qe5 50. Ke3 Rxd5 51. Ke2 Rc5 52. Qa4 Rxc3 0-1

[Event "Moscow Open F Women"]
[Site "Moscow RUS"]
[Date "2011.02.06"]
[Round "9.27"]
[White "Makarenko, Alexandra"]
[Black "Baraeva, Irina"]
[Result "0-1"]
[BlackTitle "WFM"]
[WhiteElo "1931"]
[BlackElo "2201"]
[WhiteFideId "4165055"]
[BlackFideId "24142565"]
[EventDate "2011.01.29"]

1. e4 e6 2. d4 d5 3. Nc3 Nf6 4. Bg5 Be7 5. e5 Nfd7 6. Bxe7 Qxe7 7. f4 a6 8. Nf3
c5 9. dxc5 Nxc5 10. Bd3 Nc6 11. a3 O-O 12. b4 Nxd3+ 13. cxd3 Bd7 14. Qb3 Rac8
15. Na4 Na7 16. Nc3 a5 17. Kd2 Nc6 18. Rhb1 axb4 19. axb4 f6 20. b5 Nd8 21. Na4
fxe5 22. fxe5 Rxf3 23. gxf3 Qg5+ 24. Ke2 Qxe5+ 25. Kf1 Qxh2 26. Ra2 Qh1+ 27. Kf2
Qh4+ 28. Kg2 Qg5+ 29. Kf2 Qf4 30. Kg2 Qe3 31. Rbb2 Rc1 32. Qb4 Qg1+ 33. Kh3 e5+
34. Kh4 g5+ 35. Kh5 Be8+ 36. Kh6 Nf7+ 37. Kh5 Nd6+ 0-1

[Event "Moscow Open F Women"]
[Site "Moscow RUS"]
[Date "2011.02.06"]
[Round "9.28"]
[White "Doluhanova, Evgeniya"]
[Black "Skakun, Valentina"]
[Result "1/2-1/2"]
[WhiteTitle "WGM"]
[WhiteElo "2267"]
[BlackElo "1925"]
[WhiteFideId "14112035"]
[BlackFideId "24133469"]
[EventDate "2011.01.29"]

1. e4 c5 2. Nf3 g6 3. c3 Bg7 4. d4 cxd4 5. cxd4 d5 6. exd5 Nf6 7. Bb5+ Nbd7 8.
Nc3 O-O 9. Bxd7 Qxd7 10. Ne5 Qd6 11. Qf3 Qb4 12. O-O Qxd4 13. Re1 Bf5 14. Bg5
Qb4 15. Nd3 Qc4 16. Nc1 h6 17. Bd2 Qc5 18. Nb3 Qb4 19. Qe2 e6 20. dxe6 Bxe6 21.
Nd5 Qd6 22. Nxf6+ Bxf6 23. Bxh6 Rfe8 24. Rad1 Qb6 25. Be3 Bxb3 26. axb3 Qxb3 27.
Qf3 Qxb2 28. Rb1 Qe5 29. Rxb7 a5 30. h4 Qe4 31. Qxf6 Qxb7 32. Bh6 Rxe1+ 33. Kh2
Qb8+ 34. f4 Qf8 35. Bxf8 Rxf8 36. h5 Re6 37. Qg5 Kh7 38. f5 gxf5 39. Qxf5+ Kg7
40. Qxa5 Rfe8 41. Qg5+ Kh7 42. Kh3 Re5 43. Qf6 Rxh5+ 44. Kg4 Rhe5 45. Qxf7+ Kh8
46. Qf6+ Kh7 47. Kh4 Re4+ 48. g4 R8e5 49. Qf7+ Kh8 1/2-1/2

[Event "Moscow Open F Women"]
[Site "Moscow RUS"]
[Date "2011.02.06"]
[Round "9.29"]
[White "Abdumalik, Zhansaya"]
[Black "Bezgodova, Svetlana"]
[Result "1-0"]
[WhiteTitle "WFM"]
[WhiteElo "1938"]
[BlackElo "2195"]
[WhiteFideId "13703544"]
[BlackFideId "4110650"]
[EventDate "2011.01.29"]

1. e4 e5 2. Nf3 Nc6 3. Bb5 a6 4. Ba4 Nf6 5. O-O Be7 6. Re1 b5 7. Bb3 d6 8. c3
O-O 9. h3 Na5 10. Bc2 c5 11. d4 Bb7 12. dxe5 dxe5 13. Qe2 Qc7 14. Nbd2 Nh5 15.
g3 Bf6 16. Nf1 Nc4 17. b3 Nb6 18. Ne3 g6 19. Bb2 Rad8 20. Rad1 c4 21. b4 Bc6 22.
Bc1 Bg7 23. Nh2 Qb7 24. Neg4 Nc8 25. Bh6 f6 26. Bxg7 Kxg7 27. Ra1 Nd6 28. Nf1
Nf7 29. Nd2 Ng5 30. Kg2 Rf7 31. f3 Rfd7 32. Rad1 a5 33. a3 Qa7 34. Nf1 axb4 35.
axb4 Ne6 36. Qe3 Qa2 37. Rxd7+ Rxd7 38. Qc1 Rd3 39. Re3 Bd7 40. Nf2 Rd6 41. Re1
Qa7 42. Ne3 Bc6 43. Rd1 Rxd1 44. Nfxd1 Qd7 45. Nf2 Ng5 46. h4 Nf7 47. Qd1 Qb7
48. Qe2 Nd8 49. Qd2 Qc7 50. Qd1 Ne6 51. Nd5 Qa7 52. Qd2 Qd7 53. Ng4 Kf7 54. Qh6
Bxd5 55. Qxh7+ Nhg7 56. exd5 Nf8 57. Bxg6+ Nxg6 58. Nh6+ Kf8 59. Qg8+ Ke7 60.
Qxg7+ Kd8 61. Qxg6 Qxd5 62. Qg8+ 1-0

[Event "Moscow Open F Women"]
[Site "Moscow RUS"]
[Date "2011.02.06"]
[Round "9.30"]
[White "Gvanceladze, Anna"]
[Black "Khobotova, Olesia"]
[Result "1-0"]
[WhiteTitle "WFM"]
[WhiteElo "2163"]
[BlackElo "1991"]
[WhiteFideId "4113721"]
[BlackFideId "24129550"]
[EventDate "2011.01.29"]

1. d4 Nf6 2. Nf3 g6 3. Bf4 Bg7 4. h3 O-O 5. e3 d6 6. Be2 Nfd7 7. O-O Nc6 8. c3
e5 9. Bh2 f5 10. b4 Qe7 11. a4 Nd8 12. Na3 a6 13. Rc1 g5 14. c4 f4 15. exf4 gxf4
16. Re1 Qf6 17. dxe5 dxe5 18. Bd3 Ne6 19. c5 Ng5 20. Nc4 Re8 21. c6 bxc6 22. Na5
c5 23. Nxg5 Qxg5 24. Qf3 Rb8 25. Bxf4 Qh4 26. bxc5 Rf8 27. Qd5+ Kh8 28. Bg3 Qxa4
29. c6 Nb6 30. Qc5 Bf5 31. Bxf5 Rxf5 32. Bxe5 Rbf8 33. Qc3 Rxe5 34. Rxe5 Qf4 35.
Rce1 Qxf2+ 36. Kh1 Nd5 37. Qd3 Bxe5 38. Rxe5 Nf4 39. Qf3 Qd4 40. Qe4 Qa1+ 41.
Kh2 Ng6 42. Rd5 Rf6 43. Rd8+ Kg7 44. Rd7+ Rf7 45. Nc4 Qf6 46. Nd6 cxd6 47. c7
Qc3 48. Rxf7+ Kxf7 49. Qf5+ Kg7 50. c8=Q 1-0

[Event "Moscow Open F Women"]
[Site "Moscow RUS"]
[Date "2011.02.06"]
[Round "9.32"]
[White "Egorova, Ayyyna"]
[Black "Frolova, Ekaterina"]
[Result "1-0"]
[WhiteTitle "WCM"]
[WhiteElo "1847"]
[BlackElo "2067"]
[WhiteFideId "24136611"]
[BlackFideId "4159420"]
[EventDate "2011.01.29"]

1. e4 c5 2. Nf3 b6 3. Bc4 e6 4. Nc3 Bb7 5. d3 a6 6. O-O d6 7. Bg5 Qc7 8. Qe2 Be7
9. Bxe7 Nxe7 10. a4 Nbc6 11. Rfb1 h6 12. Na2 Na5 13. b4 Nxc4 14. dxc4 cxb4 15.
Rxb4 a5 16. Rb2 Ba6 17. Nc3 O-O 18. Nb5 Qc5 19. Rab1 Rfc8 20. Qd3 d5 21. cxd5
exd5 22. exd5 Nxd5 23. Nfd4 Qc4 24. Qf3 Rd8 25. h3 Bxb5 26. Rxb5 Nc3 27. Nc6 Rf8
28. Ne7+ Kh7 29. Rxb6 Nxb1 30. Qf5+ g6 31. Rxg6 Qa2 32. Rg8# 1-0

[Event "Moscow Open F Women"]
[Site "Moscow RUS"]
[Date "2011.02.06"]
[Round "9.33"]
[White "Maslova, Elena"]
[Black "Kisteneva, Liza"]
[Result "1/2-1/2"]
[BlackTitle "WFM"]
[WhiteElo "2065"]
[BlackElo "1911"]
[WhiteFideId "24102385"]
[BlackFideId "24124877"]
[EventDate "2011.01.29"]

1. e4 c5 2. Nf3 e6 3. d4 cxd4 4. Nxd4 Nf6 5. Bd3 Nc6 6. Nb3 a6 7. Be3 b5 8. O-O
d6 9. N1d2 Bb7 10. f4 Be7 11. a3 O-O 12. g4 e5 13. g5 Nd7 14. h4 exf4 15. Bxf4
Nde5 16. Nf3 Nxf3+ 17. Qxf3 Ne5 18. Qg3 Ng6 19. Be3 Ne5 20. Nd4 Nc4 21. Nf5 Nxe3
22. Qxe3 f6 23. Qd4 Rc8 24. b4 Rf7 25. Nxe7+ Qxe7 26. gxf6 Rxf6 27. Rxf6 Qxf6
28. Qxf6 gxf6 29. a4 bxa4 30. Rxa4 Kf7 31. b5 axb5 32. Ra7 Rc7 33. Bxb5 Re7 34.
Bc4+ Kf8 35. Bd5 Bxd5 36. Rxe7 Kxe7 37. exd5 f5 38. Kf2 Kf6 39. Ke3 Ke5 40. c4
f4+ 41. Kf3 Kf5 42. h5 h6 43. Kf2 Ke4 44. Ke2 Kd4 45. Kf3 Kxc4 46. Kxf4 Kxd5 47.
Kf5 Kd4 48. Kf6 d5 49. Kf5 Ke3 50. Kg6 d4 51. Kxh6 d3 52. Kg7 d2 53. h6 d1=Q 54.
h7 Qd4+ 55. Kg8 Qd5+ 56. Kg7 Qe5+ 57. Kg8 Qg5+ 58. Kf7 Qh6 59. Kg8 Qg6+ 60. Kh8 1/2-1/2

[Event "Moscow Open F Women"]
[Site "Moscow RUS"]
[Date "2011.02.06"]
[Round "9.34"]
[White "Pershina, Elena"]
[Black "Turygina, Irina"]
[Result "1-0"]
[WhiteElo "2053"]
[BlackElo "1650"]
[WhiteFideId "24147516"]
[BlackFideId "24110973"]
[EventDate "2011.01.29"]

1. c4 Nf6 2. Nc3 e5 3. Nf3 Nc6 4. g3 Bb4 5. Nd5 e4 6. Nxb4 Nxb4 7. Nd4 c5 8. Nf5
O-O 9. a3 Nc6 10. Bg2 d6 11. Ne3 Be6 12. O-O Nd4 13. d3 exd3 14. Qxd3 Rb8 15. b4
Nd7 16. Bb2 Ne5 17. Qd1 Nxc4 18. Bxd4 cxd4 19. Qxd4 Nxe3 20. Qxe3 a6 21. Qd4 Qd7
22. Rfd1 Rfd8 23. Rac1 Qa4 24. Rd3 b5 25. h4 Bc4 26. Re3 d5 27. h5 h6 28. Bf3
Re8 29. Rcc3 Rbd8 30. Rxe8+ Rxe8 31. e3 Rd8 32. Bd1 Bb3 33. Rxb3 Rc8 34. Rd3 Rc1
35. Kg2 1-0

[Event "Moscow Open F Women"]
[Site "Moscow RUS"]
[Date "2011.02.06"]
[Round "9.35"]
[White "Paramzina, Anastasya"]
[Black "Matsenko, Elena"]
[Result "1-0"]
[BlackTitle "WFM"]
[WhiteElo "1860"]
[BlackElo "2039"]
[WhiteFideId "4165012"]
[BlackFideId "4172892"]
[EventDate "2011.01.29"]

1. e4 c5 2. Nf3 Nc6 3. d4 cxd4 4. Nxd4 Qc7 5. Nb5 Qb8 6. Bd3 e6 7. O-O a6 8.
N5c3 b5 9. Be3 Nf6 10. Nd2 Be7 11. a4 b4 12. Ne2 O-O 13. h3 d5 14. Nd4 Bb7 15.
exd5 Nxd5 16. Nxc6 Bxc6 17. Bd4 Qf4 18. Nc4 Qg5 19. Qf3 Rac8 20. Na5 Ba8 21. Qe4
Nf6 22. Bxf6 Bxe4 23. Bxg5 Bxd3 24. Bxe7 Bxf1 25. Bxf8 Kxf8 26. Kxf1 Rxc2 27. b3
Ke7 28. Rd1 Rc5 29. Nc4 f6 30. Ke2 h5 31. g3 g6 32. Rd4 e5 33. Rd2 g5 34. Ne3
Ke6 35. Rc2 Rxc2+ 36. Nxc2 a5 37. Ne3 1-0

[Event "Moscow Open F Women"]
[Site "Moscow RUS"]
[Date "2011.02.06"]
[Round "9.36"]
[White "Bauyrzhan, Arnash"]
[Black "Eryshkanova, Anastasiya"]
[Result "0-1"]
[BlackTitle "WFM"]
[WhiteElo "1900"]
[BlackElo "2168"]
[WhiteFideId "13706322"]
[BlackFideId "24119059"]
[EventDate "2011.01.29"]

1. e4 e5 2. Nf3 Nf6 3. Nxe5 Qe7 4. d4 Nc6 5. Nc3 Nxe5 6. dxe5 Qxe5 7. f4 Qe6 8.
Qd3 Bb4 9. Bd2 O-O 10. Qd4 Bxc3 11. Bxc3 Qxe4+ 12. Qxe4 Nxe4 13. Bd4 c5 14. Be3
d5 15. Bd3 d4 16. Bxe4 Re8 17. Bd2 Rxe4+ 18. Kf2 Be6 19. Rhe1 f5 20. g4 g6 21.
gxf5 gxf5 22. b3 Re8 23. c4 Bf7 24. Rg1+ Kf8 25. Rae1 Bh5 26. Rg5 Re2+ 27. Rxe2
Rxe2+ 28. Kf1 Rxh2 29. Rxf5+ Bf7 30. Ke1 b6 31. b4 Rh5 32. Rxh5 Bxh5 33. bxc5
bxc5 34. f5 Bf7 35. Bf4 Ke7 36. Bb8 a6 37. Ba7 Kd6 38. Bb8+ Kc6 39. Kd2 Bxc4 40.
a4 Bf7 41. Be5 Kd5 42. Bg3 Ke4 43. f6 c4 44. a5 c3+ 45. Kc2 Kd5 46. Kd3 Bg6+ 47.
Ke2 Ke4 48. Bh4 d3+ 49. Kd1 Bh5+ 50. Kc1 d2+ 51. Kc2 d1=Q+ 0-1